Pääkaupungit kirjaimittain - L - Statistics

Yleistilastot
  • Tätä visaa on pelattu 1 556 kertaa
  • Keskiarvotulos 8 / 11
Vastaustilastot
Valtio Pääkaupunki % Oikein
Yhdistynyt kuningaskunta Lontoo
91%
Portugali Lissabon
90%
Peru Lima
87%
Luxemburg Luxemburg
82%
Slovenia Ljubljana
77%
Angola Luanda
67%
Bolivia La Paz
65%
Sambia Lusaka
65%
Togo Lomé
52%
Gabon Libreville
51%
Malawi Lilongwe
46%
Ehtoja vastaavia visoja ei löytynyt
Tulosjakauma
Jokaisen tuloksen saaneiden osuus
Persentiili vastausten määrän mukaan
Tuloshistoriasi
Et ole pelannut tätä visaa